000 00319nam a22001337a 4500
020 _qPB.
040 _cFIZZA ISHAQ
082 _a332.0285
_bMET
100 _aN,METAWA.
_9108792
245 _aEXPERT SYSTEMS IN FINANCE /
_cMETAWA N.
260 _aROUTLEDGE ;
_bNEW YORK,
_c2019.
300 _a246 P. ;
942 _2ddc
_cBK
999 _c593184
_d593184